| 000 | 00422nam a22001457a 4500 | ||
|---|---|---|---|
| 008 | 151105b xxu||||| |||| 00| 0 eng d | ||
| 050 | _aPN3365.R52 | ||
| 100 |
_aRicardou, Jean _920993 |
||
| 245 |
_aProblemes du nouveau roman _c/by Jean Ricardou |
||
| 260 |
_aParis _bEditions du seuil _c1967 |
||
| 300 |
_a205p. ; _c21cm. |
||
| 440 |
_aTel quel _920994 |
||
| 650 |
_aFiction _xTechnique _92890 |
||
| 942 |
_2lcc _cMONOGRAPH |
||
| 999 |
_c123759 _d123759 |
||